Doktor cinta

Bibliographic Details
Main Author: Dyadila
Format: Book
Published: Selangor : Percetakan SM Sdn Bhd , 2011
Subjects:

MARC

LEADER 00000cam a2200000 7i4500
001 0000004065
005 20160118.0
020 0 0 |a 9789675067679 
090 0 0 |a 899.2333   |b DYA 
100 0 0 |a Dyadila 
245 1 0 |a Doktor cinta   |c Dyadila 
260 0 0 |a Selangor :   |b Percetakan SM Sdn Bhd ,   |c 2011 
300 |a 833 p. ;   |c 19cm. 
650 0 0 |a Malay fiction 
998 |a JPSM 
999 |a 007887   |b Monograph   |c Open Shelf   |e Default branch